| 000 | 00474 a2200181 4500 | ||
|---|---|---|---|
| 999 |
_c31988 _d31988 |
||
| 003 | OSt | ||
| 005 | 20260206152729.0 | ||
| 008 | 260206b ||||| |||| 00| 0 eng d | ||
| 040 | _c. | ||
| 082 |
_a620.0044 _bS2714 |
||
| 100 |
_96549 _aSawhney, A K |
||
| 245 |
_aMeasurement and Control / _cA.K. Sawhney and Mahajan |
||
| 260 |
_bDhanpat Rai & co p ltd, _aNew Delhi : |
||
| 300 | _a459 p. | ||
| 650 | 0 |
_92106 _aMeasurement |
|
| 700 |
_96556 _aMahajan, M. |
||
| 942 |
_2ddc _cBK |
||